House of flame and shadow (Record no. 4743)

MARC details
000 -CABECERA
campo de control de longitud fija 01793nam a2200229 i 4500
001 - NÚMERO DE CONTROL
campo de control 991025489518607026
003 - IDENTIFICADOR DEL NÚMERO DE CONTROL
campo de control UkOxU
005 - FECHA Y HORA DE LA ÚLTIMA TRANSACCIÓN
campo de control 20250616133011.0
008 - DATOS DE LONGITUD FIJA--INFORMACIÓN GENERAL
campo de control de longitud fija 240220s2024 enkab 000 1 eng d
020 ## - NÚMERO INTERNACIONAL ESTÁNDAR DEL LIBRO
Número Internacional Estándar del Libro 9781526628237
040 ## - FUENTE DE LA CATALOGACIÓN
Centro catalogador/agencia de origen UkOxU
Lengua de catalogación eng
Normas de descripción rda
Centro/agencia transcriptor UkOxU
041 ## - CÓDIGO DE LENGUA
Código de lengua del texto/banda sonora o título independiente eng
100 ## - ENTRADA PRINCIPAL--NOMBRE DE PERSONA
Nombre de persona Maas, Sarah J.
Término indicativo de función/relación author.
9 (RLIN) 22933
245 10 - MENCIÓN DE TÍTULO
Título House of flame and shadow
Mención de responsabilidad, etc. / Sarah J. Maas.
264 #1 - PRODUCCIÓN, PUBLICACIÓN, DISTRIBUCIÓN, FABRICACIÓN Y COPYRIGHT
Producción, publicación, distribución, fabricación y copyright London :
Nombre del de productor, editor, distribuidor, fabricante Bloomsbury Publishing,
Fecha de producción, publicación, distribución, fabricación o copyright 2024.
300 ## - DESCRIPCIÓN FÍSICA
Extensión 834 pages :
Otras características físicas illustrations, map ;
Dimensiones 25 cm
490 ## - MENCIÓN DE SERIE
Mención de serie Crescent City ; 3
520 ## - SUMARIO, ETC.
Sumario, etc. The stunning third book in the sexy, action-packed Crescent City series, following the global bestsellers House of Earth and Blood and House of Sky and Breath. Bryce Quinlan never expected to see a world other than Midgard, but now that she has, all she wants is to get back. Everything she loves is in Midgard: her family, her friends, her mate. Stranded in a strange new world, she's going to need all her wits about her to get home again. And that's no easy feat when she has no idea who to trust. Hunt Athalar has found himself in some deep holes in his life, but this one might be the deepest of all. After a few brief months with everything he ever wanted, he's in the Asteri's dungeons again, stripped of his freedom and without a clue as to Bryce's fate. He's desperate to help her, but until he can escape the Asteri's leash, his hands are quite literally tied. In this sexy, breathtaking sequel to the #1 bestsellers House of Earth and Blood and House of Sky and Breath, Sarah J. Maas's Crescent City series reaches new heights as Bryce and Hunt's world is brought to the brink of collapse-with its future resting on their shoulders
655 #0 - TÉRMINO DE INDIZACIÓN--GÉNERO/FORMA
Datos o término principal de género/forma Fantasy fiction
9 (RLIN) 22510
700 ## - ENTRADA AGREGADA--NOMBRE PERSONAL
Nombre de persona Maas, Sarah J.
Título de la obra Crescent City.
942 ## - ELEMENTOS DE ENTRADA AGREGADA (KOHA)
Fuente del sistema de clasificación o colocación Clasificación de Library of Congress
Holdings
Estado de retiro Estado de pérdida Fuente del sistema de clasificación o colocación Estado dañado No para préstamo Biblioteca de origen Biblioteca actual Fecha de adquisición Total de préstamos Signatura topográfica completa Código de barras Fecha visto por última vez Número de copia Precio válido a partir de Tipo de ítem Koha
    Clasificación de Library of Congress     TBS Barcelona TBS Barcelona 16/06/2025   P-EN MAA (III) B05842 16/06/2025 1 16/06/2025 Book

Powered by Koha